1988 1134 1485 1798 1580 1007 1093 1286 1325 1326 1225 1571 1442 1997 1908 1733 1317 1762 1816 1238 1612 1707 1393 1864 1181 1154 1501 1803 1298 1741 1591 1101 1341 1711 1423 1552 1195 1740 1252 1306 1794 1840 1186 1238 1441 1690 1453 1941 1655 1952 1601 1111 1763 1385 1455 1449 1151 1543 1931 1822 1760 1404 1303 1007 1997 1035 1461 1394 1999 1239 1470 1702 1976 1960 1026 1278 1293 2000 1026 1554 1965 1620 1736 1651 1793 1187 1577 1885 1134 1460 1625 1947 1420 1514 1953 1470 1657 1344 1104 BCNSPRNW ULIB Ver.6.0+V

เปลี่ยนเป็นภาษาไทย

Change to English
 แสดงรายละเอียดบรรณานุกรม
  กลับหน้าหลัก

Brief Record : Get Marc (ISO 2709) : E-mail record : QR code < ปิดหน้าต่าง
LEADER : 00000nam 2200000uu 4500
001    13399110400
003     ULIB
008    110506s2008||||th 000 0 eng d
020     1418066060
024     9781418066062
060 04 WY193^bH464n 2008
100 1  Hegner, Barbara R
245 00 Nursing assistant :^ba nursing process approach /^cBarbaraR. Hegner, Barbara Acello, Esther Caldwell
250    10th ed.
260    Clifton Park, N.Y. :^bThomson/Delmar Learning,^c2008
300    xvi, 940 p. :^bill. (chiefly col.) ;^c28 cm
504    Includes bibliographical references
650  2 Nurses Aides
650  2 Nursing Care
700 1  Acello, Barbara
700 1  Caldwell, Esther
945    ^p0^l0^i030076
995     Kesorn
999 ^a ใช้งานได้ทุกระบบ
รายการนี้ยังไม่มีแท็ก
คุณยังไม่ได้ล็อกอิน คุณสามารถมีกิจกรรมร่วมกับเว็บไซต์ได้ แต่ต้องล็อกอินก่อน ::
  ล็อกอิน

รายการสื่อสารสนเทศ

ลำดับที่ ประเภท เลขเรียก/บาร์โค้ด สถานที่ สถานะ
- ไม่พบข้อมูล -

รายการใกล้เคียง
    ผู้แต่ง [Hegner, Barbara R]

    หัวเรื่อง [Nurses Aides]
    หัวเรื่อง [Nursing Care]

BibComment


ยังไม่เคยถูกคอมเมนท์

คอมเมนท์ทรัพยากรรายการนี้
  คอมเมนท์: Nursing assistant..


 Copyright 2026. Bcnsprnw @Library